<?xml version="1.0" encoding="UTF-8"?>
<record
    xmlns:xsi="http://www.w3.org/2001/XMLSchema-instance"
    xsi:schemaLocation="http://www.loc.gov/MARC21/slim http://www.loc.gov/standards/marcxml/schema/MARC21slim.xsd"
    xmlns="http://www.loc.gov/MARC21/slim">

  <leader>01291nam a22002657a 4500</leader>
  <controlfield tag="005">20121010141910.0</controlfield>
  <controlfield tag="008">121010t        xxu||||| |||| 00| 0 mar d</controlfield>
  <datafield tag="010" ind1=" " ind2=" ">
    <subfield code="a">MAR-22716</subfield>
  </datafield>
  <datafield tag="020" ind1=" " ind2=" ">
    <subfield code="c">160.00</subfield>
    <subfield code="a">9789380361833</subfield>
  </datafield>
  <datafield tag="035" ind1=" " ind2=" ">
    <subfield code="a">MR-15374</subfield>
  </datafield>
  <datafield tag="037" ind1=" " ind2=" ">
    <subfield code="b">DBAD/PUB</subfield>
  </datafield>
  <datafield tag="040" ind1=" " ind2=" ">
    <subfield code="a">DPL</subfield>
    <subfield code="b">MR</subfield>
  </datafield>
  <datafield tag="082" ind1=" " ind2=" ">
    <subfield code="a">823</subfield>
  </datafield>
  <datafield tag="100" ind1=" " ind2=" ">
    <subfield code="9">53016</subfield>
    <subfield code="a">&#x928;&#x93E;&#x930;&#x93E;&#x92F;&#x923;, &#x906;&#x930;. &#x915;&#x947;.</subfield>
  </datafield>
  <datafield tag="245" ind1=" " ind2=" ">
    <subfield code="a">&#x926; &#x92C;&#x945;&#x91A;&#x932;&#x930; &#x911;&#x92B; &#x906;&#x930;&#x94D;&#x91F;&#x938;&#x94D; /</subfield>
    <subfield code="c">&#x906;&#x930;.&#x915;&#x947;. &#x928;&#x93E;&#x930;&#x93E;&#x92F;&#x923; ; &#x905;&#x936;&#x94B;&#x915; &#x91C;&#x948;&#x928; &#x926;&#x94D;&#x935;&#x93E;&#x930;&#x93E; &#x905;&#x928;&#x941;&#x935;&#x93E;&#x926;&#x93F;&#x924;</subfield>
  </datafield>
  <datafield tag="246" ind1=" " ind2=" ">
    <subfield code="a">The Bachelor Of Arts </subfield>
    <subfield code="b">by R. K. Narayan</subfield>
  </datafield>
  <datafield tag="260" ind1=" " ind2=" ">
    <subfield code="a">&#x92A;&#x941;&#x923;&#x947;</subfield>
    <subfield code="b">&#x930;&#x94B;&#x939;&#x928; &#x92A;&#x94D;&#x930;&#x915;&#x936;&#x928;</subfield>
    <subfield code="c">2012</subfield>
  </datafield>
  <datafield tag="270" ind1=" " ind2=" ">
    <subfield code="b">&#x92A;&#x941;&#x923;&#x947;</subfield>
    <subfield code="e">411030</subfield>
    <subfield code="a">'&#x927;&#x935;&#x932;&#x917;&#x93F;&#x930;&#x940;'&#x936;&#x949;&#x92A; 5 &#x935; 6 430,&#x936;&#x928;&#x93F;&#x935;&#x93E;&#x930; &#x92A;&#x947;&#x920;,</subfield>
    <subfield code="k">020-24480686</subfield>
  </datafield>
  <datafield tag="300" ind1=" " ind2=" ">
    <subfield code="a">167&#x92A;&#x943;.</subfield>
    <subfield code="c">21&#x938;&#x947;&#x92E;&#x940;(&#x905;&#x91C;&#x93F;&#x932;&#x94D;&#x926;)</subfield>
  </datafield>
  <datafield tag="650" ind1=" " ind2=" ">
    <subfield code="a">&#x905;&#x902;&#x917;&#x94D;&#x930;&#x948;&#x91C;&#x940; &#x915;&#x93E;&#x926;&#x902;&#x92C;&#x930;&#x940;</subfield>
    <subfield code="x">&#x92E;&#x930;&#x93E;&#x920;&#x940; &#x92D;&#x93E;&#x937;&#x93E; &#x92E;&#x947;&#x902; &#x905;&#x928;&#x941;&#x935;&#x93E;&#x926;&#x93F;&#x924;</subfield>
    <subfield code="9">53362</subfield>
  </datafield>
  <datafield tag="650" ind1=" " ind2=" ">
    <subfield code="a">English Fiction </subfield>
    <subfield code="x">Translated Into Marathi</subfield>
    <subfield code="9">53363</subfield>
  </datafield>
  <datafield tag="700" ind1=" " ind2=" ">
    <subfield code="a">&#x91C;&#x948;&#x928;, &#x905;&#x936;&#x94B;&#x915; </subfield>
    <subfield code="9">53355</subfield>
  </datafield>
  <datafield tag="942" ind1=" " ind2=" ">
    <subfield code="2">ddc</subfield>
    <subfield code="c">MR</subfield>
    <subfield code="m">&#x928;&#x93E;&#x930;&#x93E;&#x92F;</subfield>
    <subfield code="h">823</subfield>
  </datafield>
  <datafield tag="999" ind1=" " ind2=" ">
    <subfield code="c">71097</subfield>
    <subfield code="d">71097</subfield>
  </datafield>
  <datafield tag="952" ind1=" " ind2=" ">
    <subfield code="0">0</subfield>
    <subfield code="1">0</subfield>
    <subfield code="2">ddc</subfield>
    <subfield code="4">0</subfield>
    <subfield code="7">1</subfield>
    <subfield code="8">FIC</subfield>
    <subfield code="a">DBAD</subfield>
    <subfield code="b">DBAD</subfield>
    <subfield code="d">2012-10-25</subfield>
    <subfield code="e">DBAD / PUB</subfield>
    <subfield code="g">160.00</subfield>
    <subfield code="l">0</subfield>
    <subfield code="o">823 &#x928;&#x93E;&#x930;&#x93E;&#x92F;</subfield>
    <subfield code="p">MR-15374</subfield>
    <subfield code="r">2012-10-25 00:00:00</subfield>
    <subfield code="t">1</subfield>
    <subfield code="v">160.00</subfield>
    <subfield code="w">2012-10-25</subfield>
    <subfield code="y">MR</subfield>
  </datafield>
</record>
